000 00578nam a2200205Ia 4500
005 20221114115957.0
008 131103s9999 xx 000 0 und d
020 _cRs.250
040 _aLoreto College
041 _aEnglish
082 _a954.03
_bGAN
245 _aGandhi yesterday and today
_cedited by Amitabha Mukherjee
260 _aCalcutta
_bInstitute Of Historical Studies
_c1997
300 _axiii,202 p.
504 _aIncludes bibliographical references
650 _aIndian Modern History
700 _aMukherjee,Amitabha;ed.
850 _aLCLIB
942 _cBK
999 _c9856
_d60335